000 00385nam a2200133Ia 4500
008 220216s9999 xx 000 0 und d
100 _aWijewantha R T
245 0 _aReport on the sulphur dusting of smallholdings in 1958/59
260 _bRubber Research Institute of Ceylon Quarterly Journal
_c1959
300 _a58-69
650 _aOidium
650 _aSulphur dusting
942 _cJS
999 _c66773
_d66773